000 00540cam a22001577a 4500
008 180718b2002 xxu||||| |||| 00| 0 eng d
082 _aT19x866 B388
245 _aCrisis and dollarization in ecuador stability, growth and social equity
_cedited by Paul Beckerman, Andres Solimano
260 _aWashington, D.C.
_bWorld Bank
_c2002
300 _a215p.
650 _aEconomic development - Ecuador
650 _aEcuador - Economic policy
650 _aEcuador - Economic conditions
700 _aSolimano Andres
700 _aBeckerman Paul
999 _c287746
_d287746